• 首页
  • 本馆介绍
  • 公告通知
  • 最新文献
  • 馆藏检索
  • 电子资源
  • 读者导购
  • 参考咨询
  • 我的图书馆
  • 登录
  • 详细信息显示
  • 放入我的书架
  • 预约/预借图书
  • 作者相关作品
  • 分类相关作品
  • 丛书相关作品
  • 出版社相关作品

书目信息

  • 表格格式
  • 工作单格式
  • 卡片格式
题名:
南北异人传
    
 
作者: 张个侬 著
分册:  
出版信息: 北京   中国文史出版社  2021
页数: 323页
开本: 24cm
丛书名: 民国武侠小说典藏文库
单 册:
中图分类: I246.58 , I246.5
科图分类:
主题词: 侠义小说--中国--现代 , 章回小说--中国--现代 , 长篇小说--中国--现代
电子资源:
ISBN: 978-7-5205-2312-7
000 01087oam2 2200289 450
001 2333610187
005 20231220092049.09
010    @a978-7-5205-2312-7@dCNY 69.80
100    @a20210520d2021 em y0chiy50 ea
101 0  @achi
102    @aCN@b110000
105    @ay z 000ay
200 1  @a南北异人传@Anan bei yi ren zhuan@f张个侬著
210    @a北京@c中国文史出版社@d2021
215    @a323页@d24cm
225 2  @a民国武侠小说典藏文库@i张个侬卷
330    @a本书本书作者根据传闻逸事,讲述清朝道光咸丰年间,南北两个异人游侠闯荡江湖、行侠仗义的故事,因两个异人名震南北,树大招风,所以名高受谤,引致很多麻烦,于是作者也夹写了多位同时代之奇男侠女(一侠伎、三侠女、一老妪及几个怪杰)和一些会党教匪等,既可以不落此前所有诸武侠说部之窠臼,又能给读者耳目一新的感觉。
410  0 @12001 @a民国武侠小说典藏文库
462  0 @12001@a张个侬卷
606 0  @a侠义小说@y中国@z现代
606 0  @a章回小说@y中国@z现代
606 0  @a长篇小说@y中国@z现代
690    @aI246.58@v5
690    @aI246.5@v4
701  0 @a张个侬@AZhang Ge Nong@4著
801  0 @aCN@b91MARC@c20210613
905    @aBZT@dI246.5@e66
    
    南北异人传/张个侬著.-北京:中国文史出版社,2021
    323页;24cm.-(民国武侠小说典藏文库.张个侬卷)
    
    
    ISBN 978-7-5205-2312-7:CNY 69.80
    本书本书作者根据传闻逸事,讲述清朝道光咸丰年间,南北两个异人游侠闯荡江湖、行侠仗义的故事,因两个异人名震南北,树大招风,所以名高受谤,引致很多麻烦,于是作者也夹写了多位同时代之奇男侠女(一侠伎、三侠女、一老妪及几个怪杰)和一些会党教匪等,既可以不落此前所有诸武侠说部之窠臼,又能给读者耳目一新的感觉。
●
相关链接 在五车中查询图书 在当当中查询图书 在豆瓣中查询图书


正题名:南北异人传     索取号:I246.5/66         预约/预借

序号 登录号 条形码 馆藏地/架位号 状态 备注
1 2001650521   2001650521   516书库/ [索取号:I246.5/66] 在馆    
2 2001650522   2001650522   516书库/ [索取号:I246.5/66] 在馆    
3 2001650523   2001650523   516书库/ [索取号:I246.5/66] 在馆    
4 2001650524   2001650524   516书库/ [索取号:I246.5/66] 在馆    
5 2001650525   2001650525   516书库/ [索取号:I246.5/66] 在馆    
6 2001650526   2001650526   516书库/ [索取号:I246.5/66] 在馆    
山东省滨州职业学院图书馆 欢迎您!
大连网信软件有限公司© 版权所有